000 00786nam a2200253 a 4500
001 376555
003 Ke-BoTe
005 20220524114834.0
008 811203s1978 ilua b 001 0 eng
010 _a 78052538
020 _a0815131208
040 _aDLC
_cDLC
_dDLC
050 0 0 _aRC280.C6
_bC363
082 0 0 _a616.99/4347
_219
245 0 0 _aCarcinoma of the colon and rectum /
_cedited by Warren E. Enker.
260 _aChicago :
_bYear Book Medical Publishers,
_cc1978.
300 _axvii, 414 p. :
_bill. ;
_c24 cm.
504 _aIncludes bibliographical references and index.
650 0 _aColon (Anatomy)
_xCancer.
_96472
650 0 _aRectum
_xCancer.
_96473
700 1 _aEnker, Warren E.
_96474
906 _a7
_bcbc
_corignew
_d2
_eocip
_f19
_gy-gencatlg
942 _2lcc
_cBK
_n0
999 _c3120
_d3120